000 01274nam2a2200253 4500
001 rc\2974774
005 20260315061832.0
035 _a(NLR Aleph) 007120523
090 _a13608432
_c13608432
100 _a20110908d1936 u y0rusy50 ca
101 0 _arus
102 _aRU
105 _aa z |||||
200 1 _aИнструментальная мензульная съемка в масштабе 1:100000
210 _d1936
215 _aОбл., 118 с.
_cил.
300 _aНа обороте тит. л: "Сост. К.В. Исаков"
461 0 _1001rc\2974773
_12001#$aНаставление по производству топографических работ$eВып. 2-$fОтд. воен.-топографич. службы Генерального штаба РККА$vВып. 2
_96858156
_cМосква
_d1936
_fОтд. воен.-топографич. службы Генерального штаба РККА
_nОтд. Изд-ва Нар. ком. обороны СССР
_oВып. 2-
_tНаставление по производству топографических работ
_vВып. 2
702 1 _aИсаков
_bК.В.
_4220
801 0 _aRU
_bNLR
_gpsbo
801 1 _aRU
_bELAR
_2rusmarc
852 _aNLR
_j34-18/913(2)
942 _cUNSPEC
980 _aNB